00383pab a2200133 454500008004000000100002200040245007500062260000900137300001400146362000800160650002800168650002000196773003300216180718b2005 xxu||||| |||| 00| 0 eng d aTorche, Florencia aUnequal but fluid: social mobility in Chile in comparative perspective c2005 ap.422-50. aJun aSocial mobility - Chile aSocial mobility aAmerican Sociological Review